Doing business in China : getting ready for the Asian century.
| Main Author: | |
|---|---|
| Other Authors: | , |
| Format: | Book |
| Published: |
New York:
Business Expert Press,
2012.
|
| Subjects: |
| LEADER | 00531cam a2200181 7i4500 | ||
|---|---|---|---|
| 001 | 0000030590 | ||
| 005 | 20140128090000.0 | ||
| 020 | 0 | 0 | |a 9781606493441 |
| 090 | 0 | 0 | |a CHIN 338.7 |b MEN |
| 100 | 1 | 0 | |a Menzies |
| 245 | 1 | 0 | |a Doing business in China : |b getting ready for the Asian century. |
| 260 | 0 | 0 | |a New York: |b Business Expert Press, |c 2012. |
| 300 | # | # | |a 230 p. |
| 650 | 0 | 0 | |a Doing business -- |z China |
| 651 | 0 | 0 | |a China |
| 700 | 1 | 0 | |a Chung, |h Mona |
| 700 | 1 | 0 | |a Orr, |h Stuart |
| 999 | |a B000033798 |b Book |c Countries |e Business Information Centre | ||


